000 00255nam a2200085Ia 4500
008 170620s9999 xx 000 0 und d
100 _aLakshmi-Ganta Venkata Siva
245 0 _aMethods of Teaching Environmental Science
260 _bNew Delhi- Discovery Publishing House
260 _c2006
999 _c24457
_d24457